000 00940nas a2200169 a 4500
008 120917c20109999||||||||||||||||| || u
050 _aZAOU(05)N
110 _aZambian Open University (ZAOU)
245 1 0 _aZAOU News
_cQuarterly publication by the Zambian Open University
260 _aLusaka
_c2010
300 _a12p.: ill.
362 1 _a<p>Vol. 3, Issue No. 3, July/Sept 2010; Vol. 4, Issue No. 1, Jan/March 2011; vol. 4, Issue No. 3, July/Sept 2011</p>
650 _aUNIVERSITIES AND COLLEDGES--PERIODICALS--ZAMBIA
995 _aSPECIAL COLLECTIONS
_e205
_FCBU-MAIN LIBRARY (Kitwe)
_jZAOU(05)N/2011/4/1
_M2
_UAVAILABLE
_WSep 24, 2012
_yB205
_ZZambiana Collection
995 _aSPECIAL COLLECTIONS
_e204
_FCBU-MAIN LIBRARY (Kitwe)
_jZAOU(05)N/2010/3/3
_M1
_UAVAILABLE
_WSep 24, 2012
_yB204
_ZZambiana Collection
995 _aSPECIAL COLLECTIONS
_e206
_FCBU-MAIN LIBRARY (Kitwe)
_jZAOU(05)N/2011/4/3
_M3
_UAVAILABLE
_WSep 24, 2012
_yB206
_ZZambiana Collection
999 _c83435
_d83435